| 000 | 00646nam a2200217 i 4500 | ||
|---|---|---|---|
| 001 | bg | ||
| 245 | 0 |
_aBiodiversity and ecosystem function / _ceds. Ernst Delef Schultze, Harold A. Mooney. |
|
| 260 |
_aBerlin [et al.] : _bSpringer, _c1993. |
||
| 300 |
_aXXIII, 525 s. : _bfot. kolor., rys., wykr. ; _c24 cm. |
||
| 490 | 1 |
_aEcological Studies ; _vvol.99 |
|
| 700 | 1 |
_aSchultze, Ernst Delef. _eRed. |
|
| 700 | 1 |
_aMooney, Harold A. _eRed. |
|
| 830 | _aEcological Studies ; | ||
| 020 | _a3540558047 | ||
| 040 | _cBPK | ||
| 041 | _apol | ||
| 080 | _a574 | ||
| 920 | _a3-540-55804-7 | ||
| 942 | _cKS | ||
| 008 | s pl f |000 0 pol | ||
| 999 |
_c29858 _d29858 |
||
| 856 |
_uhttp://koha.tu.koszalin.pl/cgi-bin/koha/opac-detail.pl?biblionumber=29858 _yKatalog online BPK |
||